000 00450nam a2200145Ia 4500
008 151021s9999 xx 000 0 und d
020 _a72823208
050 _aLB 1573.3 S28 2004
245 _a_Sound it out Phonics in a comprehensive reading program(2nd ed) John F.Savage
260 _aBoston McGraw-hill 2004
300 _axv,190p.;ill
500 _aIncludes index.
650 _a_Reading-phoenix method
980 _a^d20110328 01:26:28^oanne
999 _c6948
_d6948